000 01077nas a2200349 4500
001 BR2011005252
003 BR-BrBNA
005 20231205115558.0
007 ta
008 230509b bl.|||p| |||| 00| 00por d
040 _aBR-BrBNA
_bpor
_cBiblioteca Nacional de Agricultura
041 _a(Pt)
072 _aL20
100 1 _aLima, K.R. de S.
100 1 _aAlves, J.A.K.
100 1 _aAraújo, C.V.
100 1 _aManno, M.C.
100 1 _aJesus, M.L.C. de
100 1 _aFernandes, D.L.
100 1 _aTavares, F.
245 1 _aAvaliação do ambiente térmico interno em galpões de frango de corte com diferentes materiais de cobertura na mesorregião metropolitana de Belém
650 _aFRANGO DE CORTE
650 _aTEMPERATURA
650 _aCLIMA
650 _aMÉTODO ESTATÍSTICO
650 _aSÃO PAULO
650 _aMATO GROSSO
650 _aPARÁ
773 0 _tRevista de Ciências Agrárias (Brazil)
_xISSN 1717-591X
_g(Jan-Jun 2009), (no. 51) p. 37-50
_wBR2011005252
909 _a202311
_bLúcia
_c55
_dLúcia Elande
942 _2AGRIS
_n0
_cANA
999 _c214575
_d214575